00801nam a2200229Ia 4500003000400000005001700004008004100021020001500062040001800077041000800095082002100103100002700124245006500151250001600216260004900232300002500281650003500306650003700341942003000378999001900408952014400427OSt20220119191453.0210716s9999 xx 000 0 und d a0226458040 cAIMIT LIBRARY aeng a001.42 22bKUHT aKuhn, Thomas S.913847 aThe structure of scientific revolutions.cby Thomas S. Kuhn. a2nd. ed . - aLondon:bUniversity of Chicago Press,c1969. axii,210p. ; 22.5 cm. aScientific Revolutions.913848 aCrisis and the Emergence.913849 2ddccBKe2ndk001.42 KUHT c201106d201106 00102ddc40708MBAaAIMITbAIMITd2006-05-20iBill no:; Bill dt:2006-05-20l0o001.42 KUHTpMBA03672r2025-07-21 00:00:00w2021-07-16yBK